000 00627cam a2200193 4500
001 D6214
008 090401t1975 xxu||||| |||| 00| 0 eng d
035 _a(Sirsi) u91175
041 _aeng
050 _a692.8
110 _aJoint Contracts Tribunal
_93664
245 _aStandard form of building contract for use with approximate quantities. Local authorities edition first issued 1975 (adapting the 1973 edition, July 1975 revision, of the Standard form with quantities)
260 _aLondon
_bRIBA
_c1975
300 _a35p. 30cm
350 _a2.2
520 _aFiled at JCT 1975/2A
942 _n0
948 _c04/03/1997
999 _c97620
_d97620